| 000 | 00832cam a2200241 a 4500 | ||
|---|---|---|---|
| 001 | 000010901 | ||
| 005 | 20200929162320.0 | ||
| 008 | 780622s1968 ec ab 001 0 spa | ||
| 035 | _a(DLC) 73544500 | ||
| 035 | _a(OCoLC)3995543 | ||
| 040 |
_aDO-SdBNP _cUU _dOCoLC _dBNPHU |
||
| 082 |
_a581.9866 _bA185d |
||
| 100 | 1 |
_aAcosta Solis, Misael, _d1910-1994. _926285 |
|
| 245 | 1 | 0 |
_aDivisiones fitogeográficas y formaciones geobotánicas del Ecuador / _cM. Acosta-Solis. |
| 260 |
_aQuito, (Ecuador) : _bPublicaciones científicas de la Casa de la Cultura Ecuatoriana, _c1968. |
||
| 300 |
_a271 p. : _bil., maps. ; _c22 cm. |
||
| 504 | _aBibliografías: p. 267-271. | ||
| 650 | 4 |
_aFitogeografía _926286 |
|
| 651 | 4 |
_aEcuador _926287 |
|
| 650 | 4 |
_aEcología vegetal _926288 |
|
| 910 | _aCatalogación por copia / LC | ||
| 049 | _aBNGR | ||
| 999 |
_c10640 _d10640 |
||